Chute des corps et mouvement de la terre, de Kepler áa Newton (Record no. 87140)

MARC details
000 -LEADER
campo de control de longitud fija 00796nam a2200229 i 4500
001 - NÚMERO DE CONTROL
campo de control 87140
003 - IDENTIFICADOR DE NÚMERO DE CONTROL
campo de control ES-MaACL
005 - FECHA Y HORA DE LA ÚLTIMA TRANSACCIÓN
campo de control 20250814045219.0
007 - CAMPO FIJO DE DESCRIPCIÓN FÍSICA--INFORMACIÓN GENERAL
campo de control de longitud fija t|
008 - DATOS DE LONGITUD FIJA--INFORMACIÓN GENERAL
campo de control de longitud fija 041220s1973 fr ||||1| fre d
100 1# - ENTRADA PRINCIPAL--NOMBRE DE PERSONA
Nombre de persona Koyré, Alexandre.
9 (RLIN) 68687
245 10 - MENCIÓN DEL TÍTULO
Título Chute des corps et mouvement de la terre, de Kepler áa Newton
Resto del título : histoire et documents d'un problème /
Mención de responsabilidad, etc. Alexandre Koyré ; traduit de l'anglais par Jacques Tallec.
260 ## - PUBLICACIÓN, DISTRIBUCIÓN, ETC.
Lugar de publicación, distribución, etc. Paris :
Nombre del editor, distribuidor, etc. J. Vrin,
Fecha de publicación, distribución, etc. 1973.
300 ## - DESCRIPCIÓN FÍSICA
Extensión 215 p. ;
Dimensiones 22 cm.
490 1# - MENCIÓN DE SERIE
Mención de serie L'histoire des sciences. Textes et études
500 ## - NOTA GENERAL
Nota general Indice.
650 07 - PUNTO DE ACCESO ADICIONAL DE MATERIA--TÉRMINO DE MATERIA
Término de materia o nombre geográfico como elemento de entrada Mecánica celeste
Fuente del encabezamiento o término embne
9 (RLIN) 14873
700 1# - ENTRADA AGREGADA--NOMBRE PERSONAL
Nombre de persona Tallec, Jacques.
9 (RLIN) 109129
830 0# - PUNTO DE ACCESO ADICIONAL DE SERIE-TÍTULO UNIFORME
Título uniforme L'histoire des sciences. Textes et études
9 (RLIN) 177448
852 ## - LOCALIZACIÓN
Ubicación ES-MaACL
Número de control de estantería B-241
Holdings
Estatus retirado Estado de pérdida Estado de daño No para préstamo Biblioteca de origen Biblioteca actual Ubicación en estantería Fecha de adquisición Fuente de adquisición Total de préstamos Signatura topográfica completa Código de barras Visto por última vez Precio de reemplazo Tipo de ítem Koha
        Biblioteca del Ateneo de Madrid Biblioteca del Ateneo de Madrid Sala Pardo Bazán 17/01/2008     B-241 1091046 23/02/2023 23/02/2023 Libro impreso